000 01304nam0a22002891 4500
001 rc\167471
005 20030307113034.0
035 _a(NLR Aleph) 005431043
090 _a7577707
_c7577707
100 _a20030307d1996 u |0rusy50 ca
101 0 _arus
102 _aRU
105 _aa |||||||||
200 1 _aМинералогия Мурунского щелочного массива
_fА.А. Конев, Е.И. Воробьев, К.А. Лазебник
_gРос. акад. наук. Сиб. отд-ние. Ин-т земной коры и др.
210 _aНовосибирск
_cИзд-во СО РАН
_cНауч.-изд. центр ОИГГМ
_d1996
215 _a221, [1] с.
_cил.
_d24
300 _aЗагл. корешка: Минералогия Мурунского массива
300 _aВ надзаг. также: Ин-т геохимии, Якут. ин-т геол. наук
320 _aБиблиогр.: с. 211-221
700 1 _aКонев
_bА. А.
_f1928-
_gАлексей Андреянович
701 1 _aВоробьев
_bЕ. И.
_gЕвгений Иванович
701 1 _aЛазебник
_bК. А.
_gКира Александровна
801 0 _aRU
_bNLR
_gpsbo
801 1 _aRU
_bELAR
_2rusmarc
852 _aNLR
_j97-7/408
942 _cBOOK
980 _aNB